| 000 | 00636nam a22001217a 4500 | ||
|---|---|---|---|
| 040 | _cRUA | ||
| 100 | _aPHORN REK,ផន រ៉ែក | ||
| 245 | _aCASE OF SALMONELLA SPP.IN CHICKEN MEAT ON KAMPONG THMAR MARKET AT BARAY DISTRICT,KAMPONG THOM PROVINCE,ករណី SALMONELLA SPP.ក្នុងសាច់មាន់នៅលើទីផ្សារកំពង់ថ្ម ស្រុកបារាយណ៍ ខេត្តកំពង់ធំ | ||
| 260 |
_aPHNOM PENH _bRUA _c2019 |
||
| 300 |
_aix.31p. _bill. _c29cm. |
||
| 856 | _uhttps://drive.google.com/file/d/1TyvpN0LGCdvmDlgO67EybT-yDc0fA0SB/view?usp=share_link | ||
| 942 | _cVEM | ||
| 999 |
_c20402 _d20402 |
||